Opiniones y valores en la Costa Rica de hoy /
A partir de la revisión de quince encuestas nacionales de opinión pública y de otros trabajos se intenta sistematizar un estudio de carácter cuantitativo de las opiniones y valores en la Costa Rica de hoy. Se tratan temas como la "crisis de valores", los estudios de opinión pública y el es...
Gorde:
| Egile nagusia: | |
|---|---|
| Formatua: | Texto |
| Gaiak: | |
| Etiketak: |
Etiketa erantsi
Etiketarik gabe, Izan zaitez lehena erregistro honi etiketa jartzen!
|
MARC
| LEADER | 00000 a a2200000 04500 | ||
|---|---|---|---|
| 001 | 13655 | ||
| 003 | |||
| 040 | |||
| 100 | |a Garita Bonilla, Nora | ||
| 245 | |a Opiniones y valores en la Costa Rica de hoy / |c Nora Garita Bonilla | ||
| 520 | |a A partir de la revisión de quince encuestas nacionales de opinión pública y de otros trabajos se intenta sistematizar un estudio de carácter cuantitativo de las opiniones y valores en la Costa Rica de hoy. Se tratan temas como la "crisis de valores", los estudios de opinión pública y el estudio de los valores a partir de las opiniones, la función de la instituciones públicas y sus cambios, así como la trilogía de desconfianza, inseguridad y violencia | ||
| 650 | |a OPINION PUBLICA | ||
| 650 | |a VALORES SOCIALES | ||
| 650 | |a COSTA RICA | ||
| 650 | |a ENCUESTAS DE OPINION PUBLICA | ||
| 650 | |a ANALISIS ESTADISTICO | ||
| 773 | |g volumen 82, número 1; páginas 57-70 | ||
| 999 | |c 29926 |d 29926 | ||
